000 01312cam a2200361 i 4500
001 19404283
003 OSt
005 20230930142741.0
008 161212r20182001nyu b 001 0 eng
010 _a 2016055247
020 _a978932549654
020 _a9780131437371 (pbk.)
020 _a0131437372 (pbk.)
040 _aDLC
_beng
_cDLC
_erda
_dDLC
042 _apcc
050 0 0 _aQA166
_b.W43 2018
082 0 0 _a511.5
_bWES/I
100 1 _aWest, Douglas Brent
_99646
245 1 0 _aIntroduction to graph theory /
_cDouglas B. West, University of Illinois--Urbana.
250 _aSecond edition
264 1 _aNew York, NY :
_bPearson,
_c[2015]
300 _axix, 588 pages ;
_c24 cm.
336 _atext
_btxt
_2rdacontent
337 _aunmediated
_bn
_2rdamedia
338 _avolume
_bnc
_2rdacarrier
490 0 _aPearson modern classic
500 _aOriginally published in 2001, reissued as part of Pearson's modern classic series.
504 _aIncludes bibliographical references and indexes.
650 0 _aGraph theory.
906 _a7
_bcbc
_corignew
_d1
_eecip
_f20
_gy-gencatlg
942 _2ddc
_cBK
_h511.5
_iWES/I
_k511.5
_mWES/I
999 _c42357
_d42357